Literarischer Nachlass: zur Theologie
Saved in:
| Main Author: | |
|---|---|
| Format: | Book |
| Language: | German |
| Published: |
Berlín
Georg Reimer
1843
|
| Series: | Sämmtliche Werke, 12
|
| Subjects: | |
| Tags: |
Add Tag
No Tags, Be the first to tag this record!
|
MARC
| LEADER | 00000nam a2200000 a 4500 | ||
|---|---|---|---|
| 001 | UCU1622 | ||
| 003 | CL-VaPUC | ||
| 008 | 960409e18430000GW |||||||||||||||||ger|d | ||
| 082 | 0 | 4 | |a 210 |b SCH |2 21 |
| 100 | 0 | |a Schleiermacher, Friedrich |e author |9 357295 | |
| 245 | 1 | 0 | |a Literarischer Nachlass: zur Theologie |
| 300 | |a 192 p | ||
| 942 | |c BK | ||
| 945 | |d 19960409 00:00:00 |a cmena | ||
| 260 | |a Berlín |b Georg Reimer |c 1843 | ||
| 650 | 0 | |a Religión |9 255164 | |
| 650 | 0 | |a Teología |9 258766 | |
| 650 | 0 | |a Creencia Religiosa |9 316904 | |
| 650 | 0 | |a Protestantismo |9 317293 | |
| 583 | |a last modification |c 19960409 00:00:00 |k Rodrigo Vera | ||
| 490 | 0 | |a Sämmtliche Werke, 12 | |
| 999 | |c 246183 |d 246181 | ||
| 952 | |0 0 |1 0 |4 0 |6 210_000000000000000_SCH_1843 |7 0 |8 P |9 260935 |a BIBEDU |b BIBEDU |c BIBEDU_PB |d 2019-11-19 |i 2012995 |o 210 SCH 1843 |p 2012995 |r 2024-01-25 |w 2019-11-19 |y BK |k FIL | ||